000 01143nam a22002657a 4500
005 20170124102942.0
010 _aB-051164
020 _c250.00
_a8186480692
035 _aB-051164
037 _bCen Lib/Ret
040 _aDPL
_bHN
082 _a822.08
_bनाटकी
245 _aनाटकीय शब्द और नरेन्द्र मोहन /
_cसम्पादक गुरचरण सिंह
246 _aNatkiye shabd aur Narendra Mohan /
_bedited by Gurcharan Singh
260 _aनयी दिल्ली
_bसार्थक प्रकाशन
_c2000
270 _a100 ए, गौतम नगर
_bनयी दिल्ली
_e110049
300 _a267पृ.
_c20सेमी (सजिल्द)
500 _aअनुक्रमाणिका शामिल
650 _aहिन्दी -- साहित्य
_948775
650 _aहिन्दी -- नाटक
_91413
650 _aHindi - literature
_948776
650 _aHindi -- Play
_948777
700 _aगुरचरण सिंह
_948778
942 _2ddc
_cHN
_h822.08
_mनाटकी
999 _c112695
_d112695